| 000 | 00518nam a2200181 4500 | ||
|---|---|---|---|
| 001 | 109938 | ||
| 003 | ES-MaACL | ||
| 005 | 20230906184939.0 | ||
| 007 | t| | ||
| 008 | 061121s1932 sp r ||||1| spa d | ||
| 245 | 0 | 3 | _aLa obra de Colombia en su territorio amazónico. |
| 260 |
_aMadrid : _bErnesto Giménez, _c1932. |
||
| 300 | _a48 p. | ||
| 500 | _aDocumentos publicados por la Legación de Colombia en España. | ||
| 852 |
_aES-MaACL _j1819-F-4 |
||
| 852 |
_aES-MaACL _j1783-F-2 |
||
| 852 |
_aES-MaACL _j1774-F-2 |
||
| 999 |
_c109938 _d109938 |
||